Ajuste estructural en Costa Rica: 1985-1993 /
Kaydedildi:
| Yazar: | |
|---|---|
| Diğer Yazarlar: | |
| Materyal Türü: | Bilinmiyor |
| Baskı/Yayın Bilgisi: |
Caracas:
UNAM. UNA. UNRISD. NUEVA SOCIEDAD
|
| Konular: | |
| Etiketler: |
Etiketle
Etiket eklenmemiş, İlk siz ekleyin!
|
MARC
| LEADER | 00000 a2200000 04500 | ||
|---|---|---|---|
| 001 | 19329 | ||
| 003 | cru IIS | ||
| 005 | 20230629062547.0 | ||
| 008 | 991231s d | ||
| 040 | |c CRAI/IIS | ||
| 090 | |a 0001 S572p | ||
| 100 | |a Carranza, Carlos |9 11363 | ||
| 245 | |a Ajuste estructural en Costa Rica: 1985-1993 / |c Carlos Carranza y José C. Chinchilla | ||
| 260 | |a Caracas: |b UNAM. UNA. UNRISD. NUEVA SOCIEDAD | ||
| 300 | |a 39-68 p. | ||
| 650 | |a CONDICIONES ECONOMICAS | ||
| 650 | |a PAISES EN DESARROLLO | ||
| 650 | |a RELACIONES INTERNACIONALES | ||
| 650 | |a IMPERIALISMO | ||
| 650 | |a LIBERALISMO | ||
| 650 | |a POLITICA | ||
| 700 | |a Chinchilla, José Carlos |9 11364 | ||
| 942 | |2 ddc |c LI | ||
| 999 | |c 13525 |d 13525 | ||
| 773 | 0 | |0 3915 |9 9071 |a Sierra, Gerónimo de |d Caracas: UNAM. UNA. UNRISD. NUEVA SOCIEDAD 1994 |o 01754 |t Los Pequeños países de América Latina en la hora neoliberal / |w (cru CIDCACS/IIS)19330 | |
